Missing Word: Elf Cast Quiz Stats

 Plays Quiz Updated Dec 12, 2014

Challenge
Share
Tweet
Embed
Score 0/24 Timer 04:00
1 Play Today
Hint Answer % Correct
Mary Steenburgen (Emily)Back
95%
Will Ferrell (Buddy)Movie
93.2%
James Caan (Walter)Cloudy
92.9%
Zooey Deschanel (Jovie)Up
89.5%
Will Ferrell (Buddy)Stranger
83.7%
Mary Steenburgen (Emily)Eating
83.2%
Will Ferrell (Buddy)Anchorman
82.3%
Zooey Deschanel (Jovie)Summer
77.5%
Bob Newhart (Papa Elf)Bosses
73.8%
Zooey Deschanel (Jovie)Famous
62.2%
James Caan (Walter)Godfather
60.5%
James Caan (Walter)Vegas
59.2%
Hint Answer % Correct
Mary Steenburgen (Emily)Brothers
53.7%
Will Ferrell (Buddy)Guys
53.1%
James Caan (Walter)Alien
25.1%
Bob Newhart (Papa Elf)Rescuers
24.4%
Bob Newhart (Papa Elf)Heroes
17.2%
Edward Asner (Santa)Above
13.2%
Mary Steenburgen (Emily)Road
6.2%
Edward Asner (Santa)Habit
5.5%
Zooey Deschanel (Jovie)Winter
5.3%
Edward Asner (Santa)Wife
4.1%
Bob Newhart (Papa Elf)Hot
3.6%
Edward Asner (Santa)Maker
3.2%

Today's Daily Dose

You're not logged in!

Compare scores with friends on all Sporcle quizzes.
Join for Free
OR
Log In

You Might Also Like...

Show Comments

Extras

Top Quizzes Today


Score Distribution

Your Account Isn't Verified!

In order to create a playlist on Sporcle, you need to verify the email address you used during registration. Go to your Sporcle Settings to finish the process.

Report this User

Report this user for behavior that violates our Community Guidelines.

Details: